Surnom foot 2 - Statistiques

Statistiques générales
  • Ce quiz a été pris 347 fois
  • Le résultat moyen est 4 sur 15
Statistiques - réponses
Question Réponse % Correct
A quel animal fait référence le surnom "Pulga" utilisé en espagnol pour surnommer, notamment, Lionel Messi ? Puce
100%
Qui était surnommé la "Joie du Peuple" ? Garrincha
67%
Quel surnom n'est pas valable pr l'équipe A du Real Madrid ? la Castilla
67%
Quelle est la seule sélection dont le surnom ne comprend pas le mot lion ? Tunisie
67%
Quel match correspond à la bataille de Nuremberg ? Huitième de finale coupe du monde 2006 Portugal 1-0 Pays Bas
33%
Comment appelle-t-on le drame s'étant déroulé en 1985 lors de la finale de la coupe des clubs champions opposant la Juventus Turin à Liverpool ? Le Drame du Heysel
33%
Quel est le véritable joueur surnommé LE Trequartista en Italie ? Totti
33%
Quel défenseur italien était surnommé la tempête parfaite ? Alessandro Nesta
0%
Quel match est appelé le drame du Maracana (Maracanazo)? Dernier match du round finale coupe du monde 1950 Uruguay 2-1 Brésil
0%
Quel est l'origine du surnom Gaucho donné à Ronaldinho ? En hommage à sa région d'origine
0%
Quel joueur allemand est le héros du Miracle de Berne ? Helmut Rahn
0%
Quel joueur était surnommé "Magico" ? Jorge Alberto Gonzalez Barillas
0%
Suite au terrible crash de l'avion de l'équipe de Manchester United, en 1958, donnant la mort à la moitié de l'effectif et des employés des clubs, un surnom repris premièrement par les supporters de West Bromiwch est devenu très irrespectueux. Lequel ? Man U
0%
Qui était "l'homme de papier" ? Matthias Sindelar
0%
A quoi correspond le célèbre catenaccio ? Un système asymétrique avec un latéral gauche très offensif
0%
Aucun quiz correspondant
Distribution des résultats
% des personnes avec chaque résultat
Percentile par nombre de réponses
Votre historique - résultats
Vous n’avez pas pris ce quiz